LEADER 01010nam 2200361 450 001 9910138406203321 005 20221019114310.0 010 $a953-51-4320-4 035 $a(CKB)3230000000076060 035 $a(NjHacI)993230000000076060 035 $a(EXLCZ)993230000000076060 100 $a20221019d2012 uy 0 101 0 $aeng 135 $aur||||||||||| 181 $ctxt$2rdacontent 182 $cc$2rdamedia 183 $acr$2rdacarrier 200 00$aExploring the Solar Wind /$fMarian Lazar, editor 210 1$aRijeka, Croatia :$cIntechOpen,$d[2012] 210 4$d©2012 215 $a1 online resource (474 pages) $cillustrations 311 $a953-51-0339-3 320 $aIncludes bibliographical references and index. 606 $aSolar wind 615 0$aSolar wind. 676 $a523.58 702 $aLazar$b Marian 801 0$bNjHacI 801 1$bNjHacl 906 $aBOOK 912 $a9910138406203321 996 $aExploring the Solar Wind$91915281 997 $aUNINA LEADER 02048nam 2200565 a 450 001 9910782050103321 005 20230829003512.0 010 $a1-282-15508-3 010 $a9786612155086 010 $a90-272-9296-5 035 $a(CKB)1000000000521912 035 $a(SSID)ssj0000279678 035 $a(PQKBManifestationID)11234800 035 $a(PQKBTitleCode)TC0000279678 035 $a(PQKBWorkID)10268105 035 $a(PQKB)11425262 035 $a(MiAaPQ)EBC622580 035 $a(Au-PeEL)EBL622580 035 $a(CaPaEBR)ebr10161064 035 $a(CaONFJC)MIL215508 035 $a(OCoLC)705531184 035 $a(EXLCZ)991000000000521912 100 $a20061017d2006 uy 0 101 0 $aeng 135 $aurcn||||||||| 181 $ctxt 182 $cc 183 $acr 200 10$aFrom case to adposition$b[electronic resource] $ethe development of configurational syntax in Indo-European languages /$fJohn Hewson & Vit Bubenik 210 $aAmsterdam ;$aPhiladelphia $cJ. Benjamins Pub. Co.$dc2006 215 $axxx, 419 p 225 1 $aAmsterdam studies in the theory and history of linguistic science. Series IV, Current issues in linguistic theory,$x0304-0763 ;$vv. 280 300 $aBibliographic Level Mode of Issuance: Monograph 311 $a90-272-4795-1 320 $aIncludes bibliographical references (p. [384]-409) and indexes. 410 0$aAmsterdam studies in the theory and history of linguistic science.$nSeries IV,$pCurrent issues in linguistic theory ;$vv. 280. 606 $aIndo-European languages$xSyntax 606 $aIndo-European languages$xGrammar, Historical 615 0$aIndo-European languages$xSyntax. 615 0$aIndo-European languages$xGrammar, Historical. 676 $a415 700 $aHewson$b John$f1930-2022.$01516997 701 $aBubeni?k$b Vi?t$f1942-$0172634 801 0$bMiAaPQ 801 1$bMiAaPQ 801 2$bMiAaPQ 906 $aBOOK 912 $a9910782050103321 996 $aFrom case to adposition$93825995 997 $aUNINA LEADER 00900nam0-2200301 --450 001 9910863101403321 005 20240618112435.0 010 $a978-88-13-38263-6 020 $aIT$b2023-1717 100 $a20240618d2023----kmuy0itay5050 ba 101 0 $aita$cita 102 $aIT 105 $a 001yy 200 1 $aCommentario alla Circolare 34/E$fa cura di Maurizio Lupoi, Thomas Tassani$gMarco Allena ... [et al.] 210 $aMilano$cWolters Kluwer$d2023 215 $aXII, 215 p.$d24 cm 225 1 $aTrusts e attivitą fiduciarie. Quaderni$v16 676 $a346.45059$v23$zita 702 1$aTassani,$bThomas 702 1$aLupoi,$bMaurizio 702 1$aAllena,$bMarco 801 0$aIT$bUNINA$gREICAT$2UNIMARC 901 $aBK 912 $a9910863101403321 952 $aXIV Z 167$b2023/1707$fFGBC 959 $aFGBC 996 $aCommentario alla Circolare 34$93570781 997 $aUNINA